Statystyki dla Urzędy centralne w I Rzeczypospolitej

Kliknij tutaj aby rozwiązać quiz!

Ogólne statystyki

  • Ten quiz został rozwiązany 6 razy
  • Średni wynik to 12 z 16

Statystyki odpowiedzi

Odpowiedź% Poprawnych
hetman wielki koronny
100%
kanclerz wielki koronny
100%
marszałek wielki koronny
100%
hetman polny koronny
83%
hetman polny litewski
83%
hetman wielki litewski
83%
kanclerz wielki litewski
83%
marszałek wielki litewski
83%
podkanclerzy koronny
67%
podkanclerzy litewski
67%
podskarbi wielki koronny
67%
podskarbi wielki litewski
67%
marszałek nadworny koronny
50%
marszałek nadworny litewski
50%
podskarbi nadworny koronny
33%
podskarbi nadworny litewski
33%

Rozkład punktacji

Percentyl według liczby udzielonych odpowiedzi

Procent ludzi z każdym wynikiem

Twoja historia wyników

Nie rozwiązałeś tego quizu